000
00286nam a2200121Ia 4500
008
240624s9999 xx 000 0 und d
041
_a
eng
082
_a
823 MUR
100
_a
MURAKAMI HARUKI
245
_a
1Q84 BOOKS ONE TWO AND THREE
260
_c
2012
_a
London
_b
Vintage
365
_c
RS
999
_c
25361
_d
25361